Църквата "Св. Никола" в село Марица (Запис номер 149355)
[ съкратено ]
| 000 -Лидер | |
|---|---|
| Лидер | 01663nam a2200385 a 4500 |
| 003 - Код на организацията, давaща контролен номер | |
| Код на организацията, даваща контролен номер | BLK |
| 005 - Дата и час на последна редакция | |
| Дата и час на последна редакция | 20231205150443.0 |
| 008 - Елементи от данни с фиксирана дължина | |
| Елементи с фиксирана дължина | 180410b bul|||||r ||||||| ||bul|| |
| 010 ## - Наследен системен номер | |
| LC control number | KNG00155610000 |
| 040 ## - Източник на каталожния запис | |
| Код на библиотеката | BLK |
| 041 ## - Код за език | |
| Език | Български |
| Език за КДБФ | Български |
| 080 ## - УДК | |
| УДК текст | Религиозна живопис |
| УДК код | 75.046 |
| УДК – определител | (497.2) |
| УДК – код + определител | 75.046(497.2) |
| 100 1# - Редна дума - Автор | |
| Автор | Чилингиров, Асен |
| R(LIN) | 380427 |
| 245 10 - Сведения за заглавието | |
| Заглавие | Църквата "Св. Никола" в село Марица |
| Подзаглавни данни | Науч. моногр. |
| Авторска отговорност | Асен Чилингиров. |
| 257 ## - Страна на издаване | |
| Страна на създаване/издаване | България |
| 260 ## - Област на издателските данни | |
| Място на издаване | София |
| Име на издателя | Бълг. художник |
| Година на издаване | 1976 |
| 300 ## - Физическа характеристика | |
| Брой страници | 160 с. |
| Илюстрации | с репрод. |
| Размер | 28 см |
| 380 ## - Жанр | |
| Жанр | Изкуство |
| 490 ## - СЕРИИ (Колекции) | |
| Серия | Поредица Паметници на старата българска монументална живопис |
| 500 ## - Общи забележки | |
| Обща забележка | Авт. не е отбелязан на кор. - 1 120 тир. - Рез. на рус., нем., фр., англ. - Прев. Василий Протопопов, Асен Чилингиров, Стоян Цонев, Васил Атанасов. |
| 650 #4 - Допълнително описание по предмет – тема | |
| Предметна рубрика | Живопис, религиозна |
| 9 (RLIN) | 276521 |
| 651 #4 - Допълнително описание по предмет - топоним | |
| Географско понятие | България |
| 9 (RLIN) | 241624 |
| 653 ## - Ключова дума – ненормативна | |
| Ключови думи | религиозна живопис |
| 653 ## - Ключова дума – ненормативна | |
| Ключови думи | стенописи |
| 653 ## - Ключова дума – ненормативна | |
| Ключови думи | икони |
| 653 ## - Ключова дума – ненормативна | |
| Ключови думи | св. Никола |
| 852 ## - Местоположение | |
| Сигнатура (форматна) | Цб ІІ 5513 |
| 856 4# - Електронен адрес и достъп | |
| Електронен формат | pdf - файл |
| 856 4# - Електронен адрес и достъп | |
| Електронен формат | pdf - файл |
| 942 ## - АРТИКУЛИ | |
| Вид на библиотечния документ | Книги |
| Скрит в OPAC | Не |
| 944 ## - СЪЗДАВАНЕ И РЕДАКЦИЯ на ЗАПИСА | |
| Създаване/Редакция | Създаване |
| Дата на регистрацията/редакция | 14.01.2014 |
| Номер на служител | Русанова Ирена |
| Служител, извършил регистрацията/редакцията | 30542 |
| 944 ## - СЪЗДАВАНЕ И РЕДАКЦИЯ на ЗАПИСА | |
| Създаване/Редакция | Редакция |
| Дата на регистрацията/редакция | 15.01.2014 |
| Номер на служител | 14.01.2014 - от С1,Р / 14.01.2014 |
| 999 ## - СИСТЕМНИ КОНТРОЛНИ НОМЕРА | |
| Koha biblionumber | 149355 |
| Koha biblioitemnumber | 149355 |
| 999 ## - СИСТЕМНИ КОНТРОЛНИ НОМЕРА | |
| Koha biblioitemnumber | 149355 |
| Код за отписване | Код за изгубен артикул | Източник на класификационната схема | Код за повреда | Коз за рестрикции | Код за отдаване | Артикулен № | Име на библиотеката - собственик | Име на библиотеката, в която се намира в момента | Статус (Текущо местоположение) | Дата на вписване в системата | Местоположение - отдел | Цена в лева | Инвентарен номер | Систематично азбучна сигнатура | Баркод | Номер на екземпляра | Цена в евро | Служебна бележка | Служебен тип на артикула |
|---|---|---|---|---|---|---|---|---|---|---|---|---|---|---|---|---|---|---|---|
| Не е изгубен | Universal Decimal Classification | Не е повреден | само за читалня | ползва се в читалня | 249332 | Регионална библиотека "Любен Каравелов" Русе | Регионална библиотека "Любен Каравелов" Русе | Хранилище | 1976-01-01 | Хранилище | 8.00 | 217337 | Цб ІІ 5513 | 120000217337 | 1 | 4.09 | Дост: Dp Вид: Д N: стар фонд Дата: 01.01.1976 | Книги | |
| Не е изгубен | Universal Decimal Classification | Не е повреден | без рестрикции | заемане за дома | 249333 | Регионална библиотека "Любен Каравелов" Русе | Регионална библиотека "Любен Каравелов" Русе | Отдел Изкуство - подръчен фонд | 1976-01-01 | Отдел Изкуство - подръчен фонд | 8.00 | 220781 | 75.04/Ч 81 | 120000220781 | 2 | 4.09 | Дост: Pk Вид: Ф N: сф Дата: 01.01.1976 Дата инв: 16.02.2015 Бележки инв: ИП2015 | Книги |